[Event "Abe Yanofsky mem."]
[Site "Winnipeg CAN"]
[Date "2008.08.30"]
[Round "3"]
[White "Vincent, Trevor"]
[Black "Schulz, Waldemar"]
[Result "1-0"]
[WhiteElo "2214"]
[BlackElo "2054"]
[PlyCount "124"]
[GameId "2160767910328382"]
[EventDate "2008.08.29"]
[EventType "swiss"]
[EventRounds "5"]
[EventCountry "CAN"]
[SourceTitle "EXT 2011"]
[Source "ChessBase"]
[SourceDate "2011.11.26"]
[SourceVersion "1"]
[SourceVersionDate "2011.11.26"]
[SourceQuality "1"]

1. c4 Nf6 2. g3 e6 3. Bg2 d5 4. Nf3 c6 5. d4 Bb4+ 6. Bd2 Qe7 7. O-O Bxd2 8. Nbxd2 O-O 9. Qc2 Nbd7 10. e4 dxe4 11. Nxe4 Nxe4 12. Qxe4 Nf6 13. Qe3 Rd8 14. Rfd1 Qb4 15. b3 Bd7 16. Ne5 Be8 17. a3 Qb6 18. Qc3 Qc7 19. b4 Nd7 20. Nd3 a5 21. a4 Nf6 22. Ne5 axb4 23. Qxb4 Ra5 24. c5 Nd5 25. Qb3 Rda8 26. Nc4 R5a6 27. Rdb1 R8a7 28. Nd6 Bd7 29. Bf1 b5 30. cxb6 Rxb6 31. Qa3 Qb8 32. Qc5 Ra8 33. Bd3 g6 34. a5 Rb4 35. a6 Rb3 36. Kg2 Qb4 37. Rxb3 Qxb3 38. Bc4 Qb2 39. Ra3 e5 40. Rb3 Qxd4 41. Qxd4 exd4 42. Rb7 Be6 43. a7 Kg7 44. Bb3 c5 45. Nxf7 Nf4+ 46. gxf4 Bxb3 47. Ng5+ Kf6 48. Rxb3 Rxa7 49. Ne4+ Kf5 50. Nxc5 Kxf4 51. Rb4 Ke5 52. Rb8 Rc7 53. Re8+ Kf5 54. Ne4 Rd7 55. Nd2 d3 56. Re3 Kf4 57. Re4+ Kf5 58. Kf3 g5 59. Ke3 h5 60. f3 g4 61. f4 h4 62. Re5+ Kf6 1-0

[Event "Abe Yanofsky mem."]
[Site "Winnipeg CAN"]
[Date "2008.08.30"]
[Round "3"]
[White "Willis, Bradley"]
[Black "Baragar, Fletcher"]
[Result "1-0"]
[WhiteElo "2063"]
[BlackElo "2258"]
[PlyCount "59"]
[GameId "2160767910328383"]
[EventDate "2008.08.29"]
[EventType "swiss"]
[EventRounds "5"]
[EventCountry "CAN"]
[SourceTitle "EXT 2011"]
[Source "ChessBase"]
[SourceDate "2011.11.26"]
[SourceVersion "1"]
[SourceVersionDate "2011.11.26"]
[SourceQuality "1"]

1. e4 c5 2. Nc3 Nc6 3. Bb5 g6 4. Bxc6 dxc6 5. f4 Bg7 6. d3 Nf6 7. Nf3 O-O 8. O-O b6 9. Qe1 b5 10. e5 Nd5 11. Ne4 c4 12. dxc4 bxc4 13. c3 Rb8 14. Nd4 Nb4 15. cxb4 Qxd4+ 16. Qe3 Qxe3+ 17. Bxe3 Bf5 18. Nf2 Rxb4 19. Bd4 f6 20. Bc3 Rb5 21. Rfe1 fxe5 22. fxe5 Rd8 23. g4 Be6 24. Re2 Bh6 25. a4 Rbd5 26. Rae1 Rf8 27. h3 Rdd8 28. Ne4 Rf3 29. g5 Bg7 30. Nf6+ 1-0

[Event "Abe Yanofsky mem."]
[Site "Winnipeg CAN"]
[Date "2008.08.31"]
[Round "4"]
[White "Araullo, Paolo"]
[Black "Babb, Jeff"]
[Result "1/2-1/2"]
[WhiteElo "1920"]
[BlackElo "2122"]
[PlyCount "77"]
[GameId "2160767910328384"]
[EventDate "2008.08.29"]
[EventType "swiss"]
[EventRounds "5"]
[EventCountry "CAN"]
[SourceTitle "EXT 2011"]
[Source "ChessBase"]
[SourceDate "2011.11.26"]
[SourceVersion "1"]
[SourceVersionDate "2011.11.26"]
[SourceQuality "1"]

1. e4 e5 2. Nf3 Nc6 3. Bc4 Bc5 4. O-O d6 5. h3 Nf6 6. d3 Na5 7. Bb3 Nxb3 8. axb3 h6 9. c3 O-O 10. d4 exd4 11. cxd4 Bb6 12. Nc3 Re8 13. Qc2 a6 14. Re1 c6 15. Bf4 d5 16. exd5 Nxd5 17. Rxe8+ Qxe8 18. Nxd5 cxd5 19. Re1 Be6 20. Qd3 Rc8 21. Ne5 Qd8 22. Qg3 Qf6 23. Ng4 Qg6 24. Nxh6+ Kh7 25. Ng4 Bxd4 26. Be5 Bb6 27. Rd1 Kg8 28. Kh2 Bxg4 29. hxg4 f6 30. Bf4 Qh7+ 31. Kg1 Rc2 32. Be3 Bc7 33. Bf4 Bb6 34. Be3 Bc7 35. Bf4 Bxf4 36. Qxf4 Qe4 37. Qb8+ Kh7 38. Qh2+ Kg8 39. Qb8+ 1/2-1/2

[Event "Abe Yanofsky mem."]
[Site "Winnipeg CAN"]
[Date "2008.08.31"]
[Round "4"]
[White "Baragar, Fletcher"]
[Black "Lipnowski, Samuel"]
[Result "1/2-1/2"]
[WhiteElo "2258"]
[BlackElo "2277"]
[PlyCount "67"]
[GameId "2160767910328385"]
[EventDate "2008.08.29"]
[EventType "swiss"]
[EventRounds "5"]
[EventCountry "CAN"]
[SourceTitle "EXT 2011"]
[Source "ChessBase"]
[SourceDate "2011.11.26"]
[SourceVersion "1"]
[SourceVersionDate "2011.11.26"]
[SourceQuality "1"]

1. d4 Nf6 2. c4 g6 3. Nc3 Bg7 4. e4 d6 5. Be2 O-O 6. Bg5 Na6 7. Qd2 Qe8 8. Nf3 e5 9. d5 Nh5 10. Bh6 Nf4 11. Bxg7 Kxg7 12. Nh4 Qe7 13. g3 Nxe2 14. Qxe2 Qg5 15. Qd2 Qh5 16. Qe2 Bg4 17. f3 Bd7 18. O-O-O Qg5+ 19. Kb1 Nc5 20. b4 Na4 21. Nxa4 Bxa4 22. Rc1 Bd7 23. c5 a6 24. cxd6 cxd6 25. Rc7 Bb5 26. Qb2 Rab8 27. Rhc1 Qe3 28. Ka1 Rfd8 29. Qc3 Qxc3+ 30. R1xc3 Bd7 31. Ng2 Kf8 32. Ne3 Rdc8 33. Kb2 Ke7 34. Kb3 1/2-1/2

[Event "Abe Yanofsky mem."]
[Site "Winnipeg CAN"]
[Date "2008.08.31"]
[Round "4"]
[White "Bince, Rolando"]
[Black "Greenberg, Harley"]
[Result "1/2-1/2"]
[WhiteElo "1911"]
[BlackElo "1730"]
[PlyCount "21"]
[GameId "2160767910328386"]
[EventDate "2008.08.29"]
[EventType "swiss"]
[EventRounds "5"]
[EventCountry "CAN"]
[SourceTitle "EXT 2011"]
[Source "ChessBase"]
[SourceDate "2011.11.26"]
[SourceVersion "1"]
[SourceVersionDate "2011.11.26"]
[SourceQuality "1"]

1. e4 c5 2. Nf3 Nc6 3. d4 cxd4 4. Nxd4 Nf6 5. Nc3 e5 6. Ndb5 d6 7. Bg5 a6 8. Na3 b5 9. Nd5 Be7 10. Nxe7 Nxe7 11. Qd2 1/2-1/2

[Event "Abe Yanofsky mem."]
[Site "Winnipeg CAN"]
[Date "2008.08.31"]
[Round "4"]
[White "Klokow, John"]
[Black "Cleto, Sam"]
[Result "1-0"]
[WhiteElo "1764"]
[BlackElo "1927"]
[PlyCount "67"]
[GameId "2160767910328387"]
[EventDate "2008.08.29"]
[EventType "swiss"]
[EventRounds "5"]
[EventCountry "CAN"]
[SourceTitle "EXT 2011"]
[Source "ChessBase"]
[SourceDate "2011.11.26"]
[SourceVersion "1"]
[SourceVersionDate "2011.11.26"]
[SourceQuality "1"]

1. e4 c5 2. Nf3 d6 3. d4 cxd4 4. Nxd4 Nf6 5. Nc3 a6 6. Bc4 e6 7. Bb3 Qc7 8. O-O Nc6 9. Kh1 Be7 10. Bg5 O-O 11. Qd2 b5 12. a3 Na5 13. Qe2 Nxb3 14. Nxb3 Bb7 15. f3 Rac8 16. Rad1 Rfd8 17. Be3 h6 18. Qf2 Nd7 19. f4 Rf8 20. f5 Bf6 21. Nd4 Bxd4 22. Bxd4 e5 23. Be3 Nf6 24. Qg3 Kh8 25. Qh4 Qc4 26. Bxh6 Nxe4 27. Bxg7+ Kxg7 28. f6+ Kg6 29. Qg4+ Ng5 30. Qf5+ Kh6 31. Rd3 Rc5 32. Rh3+ Nxh3 33. Qxh3+ Kg6 34. Qg3+ 1-0

[Event "Abe Yanofsky mem."]
[Site "Winnipeg CAN"]
[Date "2008.08.31"]
[Round "4"]
[White "Lauritson, Jim"]
[Black "Kaptsan, Aron"]
[Result "0-1"]
[WhiteElo "1950"]
[BlackElo "2046"]
[PlyCount "96"]
[GameId "2160767910328388"]
[EventDate "2008.08.29"]
[EventType "swiss"]
[EventRounds "5"]
[EventCountry "CAN"]
[SourceTitle "EXT 2011"]
[Source "ChessBase"]
[SourceDate "2011.11.26"]
[SourceVersion "1"]
[SourceVersionDate "2011.11.26"]
[SourceQuality "1"]

1. d4 Nf6 2. c4 e6 3. Nc3 Bb4 4. Qc2 Nc6 5. Nf3 d5 6. e3 O-O 7. Bd3 a6 8. a3 dxc4 9. Bxc4 Bd6 10. O-O e5 11. d5 Ne7 12. e4 Ng6 13. Be2 Qe7 14. h3 Nh5 15. Nh2 Nhf4 16. Bxf4 Nxf4 17. Bg4 Bxg4 18. hxg4 Rae8 19. Ne2 Nxe2+ 20. Qxe2 g6 21. b4 f5 22. f3 f4 23. Rfc1 Kg7 24. Nf1 a5 25. Qc4 b6 26. Rab1 Ra8 27. Rc2 Rh8 28. Nd2 h5 29. gxh5 Rxh5 30. Nf1 axb4 31. axb4 Rah8 32. Kf2 Qh4+ 33. Ke2 Rg5 34. Kd1 Qh1 35. Rbb2 Ra8 36. Ra2 Rxa2 37. Rxa2 Rxg2 38. Rxg2 Qxg2 39. Nd2 Qg5 40. Qb5 Qe7 41. Nc4 Kf6 42. Qc6 Kg5 43. b5 Kh4 44. Qa8 Kg3 45. Ke2 Qh7 46. Nd2 Bb4 47. Nf1+ Kg2 48. Qa2 Qh4 0-1

[Event "Abe Yanofsky mem."]
[Site "Winnipeg CAN"]
[Date "2008.08.31"]
[Round "4"]
[White "Liu, Weixi"]
[Black "Oberton, Daniel"]
[Result "1/2-1/2"]
[WhiteElo "1942"]
[BlackElo "1946"]
[PlyCount "67"]
[GameId "2160767910328389"]
[EventDate "2008.08.29"]
[EventType "swiss"]
[EventRounds "5"]
[EventCountry "CAN"]
[SourceTitle "EXT 2011"]
[Source "ChessBase"]
[SourceDate "2011.11.26"]
[SourceVersion "1"]
[SourceVersionDate "2011.11.26"]
[SourceQuality "1"]

1. d4 Nf6 2. c4 g6 3. Nc3 Bg7 4. e4 d6 5. f3 O-O 6. Be3 Nc6 7. Qd2 e5 8. d5 Ne7 9. g4 Ne8 10. O-O-O f5 11. gxf5 gxf5 12. Bd3 f4 13. Bf2 c6 14. Bc2 Qa5 15. Bb3 c5 16. h4 Bd7 17. Nh3 h6 18. Rdg1 Bxh3 19. Rxh3 a6 20. Ba4 Nf6 21. Be1 Kh8 22. Rh2 Rab8 23. Rhg2 Rg8 24. Bf2 Qc7 25. Qd3 Nd7 26. Bd1 Bf6 27. Qf1 Rxg2 28. Rxg2 Rg8 29. Be2 Nf8 30. Rxg8+ Kxg8 31. Qg1+ Kh8 32. Bf1 Neg6 33. Qg4 Qd7 34. Qf5 1/2-1/2

[Event "Abe Yanofsky mem."]
[Site "Winnipeg CAN"]
[Date "2008.08.31"]
[Round "4"]
[White "Melamedoff, Gustavo"]
[Black "Goodman, Clifford"]
[Result "1/2-1/2"]
[WhiteElo "2042"]
[BlackElo "1636"]
[PlyCount "98"]
[GameId "2160767910328390"]
[EventDate "2008.08.29"]
[EventType "swiss"]
[EventRounds "5"]
[EventCountry "CAN"]
[SourceTitle "EXT 2011"]
[Source "ChessBase"]
[SourceDate "2011.11.26"]
[SourceVersion "1"]
[SourceVersionDate "2011.11.26"]
[SourceQuality "1"]

1. e4 g6 2. d4 Bg7 3. c4 c5 4. d5 d6 5. Nc3 e5 6. Bd3 Nh6 7. Nge2 f5 8. O-O f4 9. f3 O-O 10. g3 g5 11. g4 Kh8 12. h3 Ng8 13. Kf2 Rf6 14. Rh1 Rh6 15. Bd2 Na6 16. a3 Nc7 17. Kg2 a5 18. Be1 Bf6 19. Bf2 Ne7 20. Nc1 Bd7 21. b3 Ng6 22. Kf1 Rb8 23. a4 Nh4 24. Bxh4 Rxh4 25. Ra2 Qe8 26. Nb5 Nxb5 27. axb5 b6 28. Rah2 Kg7 29. Bc2 Qf7 30. Nd3 Rh8 31. Ne1 Rh6 32. Ng2 Qe7 33. Qe1 Be8 34. Qf2 Bg6 35. Bd1 Kf8 36. h4 gxh4 37. Nxh4 Bxh4 38. Rxh4 Rxh4 39. Rxh4 Qg5 40. Qh2 Kg7 41. Rh3 h5 42. gxh5 Rxh5 43. Rxh5 Qxh5 44. Qxh5 Bxh5 45. Kg2 Kf6 46. Kh3 Kg5 47. Be2 Be8 48. Bf1 Bd7+ 49. Kh2 Kh4 1/2-1/2

[Event "Abe Yanofsky mem."]
[Site "Winnipeg CAN"]
[Date "2008.08.31"]
[Round "4"]
[White "Nikouline, Alexandre"]
[Black "Green, Jim"]
[Result "0-1"]
[WhiteElo "2138"]
[BlackElo "1702"]
[PlyCount "102"]
[GameId "2160767910328391"]
[EventDate "2008.08.29"]
[EventType "swiss"]
[EventRounds "5"]
[EventCountry "CAN"]
[SourceTitle "EXT 2011"]
[Source "ChessBase"]
[SourceDate "2011.11.26"]
[SourceVersion "1"]
[SourceVersionDate "2011.11.26"]
[SourceQuality "1"]

1. e4 d6 2. d4 Nf6 3. Nc3 c6 4. f3 Nbd7 5. Be3 e5 6. d5 Qc7 7. Nh3 Be7 8. dxc6 bxc6 9. Bc4 O-O 10. g4 Nb6 11. Bb3 a5 12. a4 Rd8 13. Bg5 Nbd7 14. Qd2 Nc5 15. Bc4 Be6 16. Bxe6 Nxe6 17. Be3 Qb7 18. O-O Nd7 19. f4 exf4 20. Nxf4 Nxf4 21. Rxf4 Ne5 22. b3 Bg5 23. Rf5 Bxe3+ 24. Qxe3 Nxg4 25. Qg3 Qa7+ 26. Kh1 Ne5 27. Rg1 g6 28. Ne2 Kf8 29. Rf6 Qc7 30. Qh3 Kg7 31. Rf4 Qe7 32. Ng3 Kh8 33. Qf1 Rf8 34. Qf2 Rab8 35. Qd2 Rb4 36. Rd1 Rd8 37. Qe2 Ra8 38. Rdf1 c5 39. Rf6 c4 40. bxc4 Rxc4 41. Rxf7 Nxf7 42. Qxc4 Ne5 43. Qd5 Rf8 44. Rb1 Rf7 45. Qxa5 Qf8 46. Qb5 Kg7 47. a5 Rf2 48. Qb3 Nf3 49. Qc3+ Kg8 50. Qc4+ Kg7 51. Nf1 Qf4 0-1

[Event "Abe Yanofsky mem."]
[Site "Winnipeg CAN"]
[Date "2008.08.31"]
[Round "4"]
[White "Richmond, Barrie"]
[Black "Hogeveen Rutter, Alexander"]
[Result "1-0"]
[WhiteElo "1940"]
[BlackElo "1870"]
[PlyCount "95"]
[GameId "2160767910328392"]
[EventDate "2008.08.29"]
[EventType "swiss"]
[EventRounds "5"]
[EventCountry "CAN"]
[SourceTitle "EXT 2011"]
[Source "ChessBase"]
[SourceDate "2011.11.26"]
[SourceVersion "1"]
[SourceVersionDate "2011.11.26"]
[SourceQuality "1"]

1. d4 Nf6 2. c4 g6 3. Nc3 Bg7 4. e4 d6 5. Be2 O-O 6. Bg5 c5 7. d5 Nbd7 8. Qd2 Nb6 9. h3 e6 10. Nf3 exd5 11. exd5 Re8 12. O-O Bf5 13. Nh4 Qc8 14. Nxf5 Qxf5 15. Bd3 Qe5 16. Nb5 Qe7 17. Rfe1 Qd7 18. Qf4 Nh5 19. Qxd6 Bxb2 20. Qxd7 Nxd7 21. Rxe8+ Rxe8 22. Rb1 Be5 23. Nxa7 Bb8 24. Nb5 b6 25. Kf1 Nf4 26. Bxf4 Bxf4 27. Re1 Kf8 28. Rxe8+ Kxe8 29. g3 Bc1 30. Be2 Ke7 31. Kg2 f5 32. f4 Nf6 33. Bd3 h5 34. Kf3 Kd7 35. Na7 Ng8 36. Bc2 Ne7 37. Ba4+ Kd8 38. d6 Nc8 39. Nxc8 Kxc8 40. Be8 h4 41. Bxg6 Kd7 42. Bxf5+ Kxd6 43. g4 Bd2 44. g5 Bc3 45. Be4 Ke6 46. Kg4 Kf7 47. f5 Be5 48. Kh5 1-0

[Event "Abe Yanofsky mem."]
[Site "Winnipeg CAN"]
[Date "2008.08.31"]
[Round "4"]
[White "Schulz, Waldemar"]
[Black "Khedkar, Jay S"]
[Result "1/2-1/2"]
[WhiteElo "2054"]
[BlackElo "1914"]
[PlyCount "60"]
[GameId "2160767910328393"]
[EventDate "2008.08.29"]
[EventType "swiss"]
[EventRounds "5"]
[EventCountry "CAN"]
[SourceTitle "EXT 2011"]
[Source "ChessBase"]
[SourceDate "2011.11.26"]
[SourceVersion "1"]
[SourceVersionDate "2011.11.26"]
[SourceQuality "1"]

1. Nf3 c5 2. c4 Nf6 3. g3 e6 4. Bg2 Nc6 5. O-O Be7 6. Nc3 O-O 7. d4 cxd4 8. Nxd4 Qc7 9. Ncb5 Qb8 10. Bg5 a6 11. Nc3 h6 12. Bxf6 Bxf6 13. e3 Be7 14. Rc1 Ne5 15. Na4 d6 16. Nb6 Ra7 17. b4 Nd7 18. Nxc8 Rxc8 19. Qb3 Ne5 20. f4 Nc6 21. Bxc6 bxc6 22. a4 d5 23. b5 axb5 24. cxb5 Rb7 25. e4 cxb5 26. exd5 bxa4 27. Qxa4 Rxc1 28. Rxc1 Rb1 29. Qc2 Rxc1+ 30. Qxc1 exd5 1/2-1/2

[Event "Abe Yanofsky mem."]
[Site "Winnipeg CAN"]
[Date "2008.08.31"]
[Round "4"]
[White "Thompson, Brian"]
[Black "Boron, Anthony"]
[Result "1/2-1/2"]
[WhiteElo "1873"]
[BlackElo "1992"]
[PlyCount "62"]
[GameId "2160767910328394"]
[EventDate "2008.08.29"]
[EventType "swiss"]
[EventRounds "5"]
[EventCountry "CAN"]
[SourceTitle "EXT 2011"]
[Source "ChessBase"]
[SourceDate "2011.11.26"]
[SourceVersion "1"]
[SourceVersionDate "2011.11.26"]
[SourceQuality "1"]

1. e4 c6 2. d4 d5 3. Nc3 dxe4 4. Nxe4 Bf5 5. Ng3 Bg6 6. Nf3 Nd7 7. Bd3 Bxd3 8. Qxd3 Ngf6 9. Be3 e6 10. O-O Bd6 11. Ne4 Nxe4 12. Qxe4 Nf6 13. Qh4 Nd5 14. Qxd8+ Rxd8 15. c4 Nf6 16. Bg5 Be7 17. Rfe1 O-O 18. Rad1 h6 19. Bd2 Rfe8 20. Bc3 Ra8 21. b3 a5 22. d5 cxd5 23. Bxf6 Bxf6 24. cxd5 exd5 25. Rxe8+ Rxe8 26. Rxd5 Rd8 27. Rxd8+ Bxd8 28. Kf1 Kf8 29. Ke2 Ke7 30. Kd3 Bb6 31. Nd4 g6 1/2-1/2

[Event "Abe Yanofsky mem."]
[Site "Winnipeg CAN"]
[Date "2008.08.31"]
[Round "4"]
[White "Willis, Bradley"]
[Black "Vincent, Trevor"]
[Result "1/2-1/2"]
[WhiteElo "2063"]
[BlackElo "2214"]
[PlyCount "58"]
[GameId "2160767910328395"]
[EventDate "2008.08.29"]
[EventType "swiss"]
[EventRounds "5"]
[EventCountry "CAN"]
[SourceTitle "EXT 2011"]
[Source "ChessBase"]
[SourceDate "2011.11.26"]
[SourceVersion "1"]
[SourceVersionDate "2011.11.26"]
[SourceQuality "1"]

1. e4 c5 2. Nc3 Nc6 3. Bb5 Nd4 4. Bc4 e6 5. Nge2 Nf6 6. O-O d5 7. exd5 exd5 8. Nxd5 Nxd5 9. Nxd4 Nb6 10. Bb5+ Bd7 11. Re1+ Be7 12. Nf5 Bxb5 13. Nxe7 Kf8 14. Nf5 Qf6 15. Ng3 c4 16. Ne4 Qg6 17. b3 Bc6 18. Ba3+ Kg8 19. f3 h5 20. d4 Rd8 21. c3 h4 22. Qd2 Rh5 23. Qf2 Re8 24. Nd6 Rxe1+ 25. Rxe1 Qd3 26. Re3 Qb1+ 27. Re1 Qd3 28. Re3 Qb1+ 29. Re1 Qd3 1/2-1/2

[Event "Abe Yanofsky mem."]
[Site "Winnipeg CAN"]
[Date "2008.08.31"]
[Round "5"]
[White "Babb, Jeff"]
[Black "Bince, Rolando"]
[Result "0-1"]
[WhiteElo "2122"]
[BlackElo "1911"]
[PlyCount "161"]
[GameId "2160767910328396"]
[EventDate "2008.08.29"]
[EventType "swiss"]
[EventRounds "5"]
[EventCountry "CAN"]
[SourceTitle "EXT 2011"]
[Source "ChessBase"]
[SourceDate "2011.11.26"]
[SourceVersion "1"]
[SourceVersionDate "2011.11.26"]
[SourceQuality "1"]

1. e4 e6 2. d3 c5 3. g3 Nc6 4. Bg2 d5 5. Nd2 Nf6 6. Ngf3 dxe4 7. dxe4 e5 8. O-O Bg4 9. h3 Bh5 10. g4 Bg6 11. Nh4 Be7 12. Nf5 O-O 13. c3 Qd3 14. Re1 Rfd8 15. Bf1 Qd7 16. Qf3 Bxf5 17. exf5 Qd5 18. Bg2 Qxf3 19. Bxf3 Nd5 20. Nc4 f6 21. Rd1 Nb6 22. Nxb6 axb6 23. Be3 Kf8 24. Rxd8+ Rxd8 25. Kf1 Na5 26. b4 Nc4 27. bxc5 Nxe3+ 28. fxe3 Bxc5 29. Ke2 Rd7 30. Be4 Ke7 31. Rb1 Kd8 32. h4 Kc7 33. Rb5 Rd8 34. a4 Ra8 35. Bc2 Kc8 36. Rb1 Kc7 37. Bb3 Rd8 38. Bc4 Ra8 39. Bb5 Rd8 40. g5 Be7 41. Rg1 Rf8 42. Rd1 Rd8 43. Rg1 Rf8 44. Bd3 Ra8 45. Bc2 Rd8 46. Rg4 Rd6 47. Be4 Bd8 48. Rg1 Be7 49. c4 Rd7 50. Bd5 Rd8 51. Be4 Ra8 52. Bc2 Rd8 53. Rg2 Rd7 54. Kf3 Rd8 55. Ke4 Rd7 56. Bb3 Rd8 57. h5 fxg5 58. h6 gxh6 59. Rh2 Bf8 60. f6 Rd6 61. Rf2 h5 62. Bc2 Kd7 63. Kf5 Bh6 64. Kxe5 Re6+ 65. Kd4 Rd6+ 66. Ke4 Re6+ 67. Kd3 g4 68. e4 g3 69. Rg2 h4 70. e5 Rxe5 71. Kd4 Kd6 72. Be4 Ke6 73. Bxb7 Be3+ 74. Kd3 Bf2 75. Bc8+ Kxf6 76. Bh3 Re3+ 77. Kd2 Ra3 78. Bd7 Ke5 79. Ke2 Rc3 80. Bh3 Rxc4 81. Bd7 0-1

[Event "Abe Yanofsky mem."]
[Site "Winnipeg CAN"]
[Date "2008.08.31"]
[Round "5"]
[White "Boron, Anthony"]
[Black "Nikouline, Alexandre"]
[Result "0-1"]
[WhiteElo "1992"]
[BlackElo "2138"]
[PlyCount "102"]
[GameId "2160767910328397"]
[EventDate "2008.08.29"]
[EventType "swiss"]
[EventRounds "5"]
[EventCountry "CAN"]
[SourceTitle "EXT 2011"]
[Source "ChessBase"]
[SourceDate "2011.11.26"]
[SourceVersion "1"]
[SourceVersionDate "2011.11.26"]
[SourceQuality "1"]

1. e4 c5 2. c3 e6 3. d4 d5 4. exd5 Qxd5 5. Nf3 Nc6 6. Na3 cxd4 7. Nb5 Bd6 8. Nxd6+ Qxd6 9. Nxd4 Nxd4 10. Qxd4 Qxd4 11. cxd4 Bd7 12. Bd3 Bc6 13. O-O Ne7 14. Be3 O-O 15. Rac1 Bd5 16. b3 Rac8 17. Rc5 b6 18. Rcc1 Rfd8 19. Ba6 Rc6 20. Bb5 Rxc1 21. Rxc1 Rc8 22. Rxc8+ Nxc8 23. Bf4 Bb7 24. f3 Ne7 25. Bb8 a6 26. Bc4 Nc6 27. Bc7 b5 28. d5 Nb4 29. a3 bxc4 30. axb4 cxb3 31. Be5 f6 32. Bd4 Bxd5 33. Kf2 Kf7 34. Ke3 e5 35. Bb2 Ke6 36. h4 h5 37. g4 hxg4 38. fxg4 Bg2 39. Kf2 Bc6 40. Ke3 Kd5 41. g5 f5 42. h5 Be8 43. g6 f4+ 44. Kf3 Ke6 45. Kg4 Kf6 46. Bc3 Bd7+ 47. Kh4 Kf5 48. Bb2 Bb5 49. Bc3 Be2 50. Bb2 Bxh5 51. Kxh5 f3 0-1

[Event "Abe Yanofsky mem."]
[Site "Winnipeg CAN"]
[Date "2008.08.31"]
[Round "5"]
[White "Goodman, Clifford"]
[Black "Lauritson, Jim"]
[Result "0-1"]
[WhiteElo "1636"]
[BlackElo "1950"]
[PlyCount "72"]
[GameId "2160767910328398"]
[EventDate "2008.08.29"]
[EventType "swiss"]
[EventRounds "5"]
[EventCountry "CAN"]
[SourceTitle "EXT 2011"]
[Source "ChessBase"]
[SourceDate "2011.11.26"]
[SourceVersion "1"]
[SourceVersionDate "2011.11.26"]
[SourceQuality "1"]

1. c4 e5 2. Nc3 Nf6 3. g3 c6 4. Bg2 d5 5. cxd5 cxd5 6. d3 Bc5 7. Bg5 Bxf2+ 8. Kf1 Bxg1 9. Rxg1 Be6 10. Qb3 Nbd7 11. Bxd5 Bxd5 12. Nxd5 O-O 13. Kg2 h6 14. Bxf6 Nxf6 15. Nxf6+ Qxf6 16. Rgf1 Qc6+ 17. Kg1 Qb6+ 18. Qxb6 axb6 19. a3 Rfc8 20. Rfc1 Rc6 21. Rc3 Kf8 22. Kf2 Ke7 23. Rac1 Kd6 24. b4 Rxa3 25. Rxa3 Rxc1 26. Ra8 Rc7 27. Rd8+ Kc6 28. d4 exd4 29. Rxd4 Kb5 30. Rd6 Kxb4 31. Rxb6+ Ka5 32. Rb2 b5 33. Ke3 b4 34. Kd4 Ka4 35. e4 Ka3 36. Rb1 b3 0-1

[Event "Abe Yanofsky mem."]
[Site "Winnipeg CAN"]
[Date "2008.08.31"]
[Round "5"]
[White "Green, Jim"]
[Black "Schulz, Waldemar"]
[Result "0-1"]
[WhiteElo "1702"]
[BlackElo "2054"]
[PlyCount "116"]
[GameId "2160767910328399"]
[EventDate "2008.08.29"]
[EventType "swiss"]
[EventRounds "5"]
[EventCountry "CAN"]
[SourceTitle "EXT 2011"]
[Source "ChessBase"]
[SourceDate "2011.11.26"]
[SourceVersion "1"]
[SourceVersionDate "2011.11.26"]
[SourceQuality "1"]

1. e4 c5 2. Nf3 e6 3. c3 Nf6 4. d3 d6 5. g3 Nc6 6. Nbd2 Qc7 7. Bg2 Be7 8. O-O O-O 9. Re1 Ne5 10. Qc2 b5 11. Nf1 Nxf3+ 12. Bxf3 Bb7 13. Bg2 a5 14. Ne3 Rfd8 15. f4 Nd7 16. f5 Ne5 17. fxe6 fxe6 18. c4 b4 19. Rf1 Rf8 20. Bd2 Bc6 21. Rxf8+ Rxf8 22. Rf1 Bf6 23. Bc1 a4 24. Qe2 Qe7 25. Qd1 Bg5 26. Qe2 Rxf1+ 27. Qxf1 Qf7 28. Qe2 Be8 29. h3 Nc6 30. Bd2 Nd4 31. Qd1 Qg6 32. Nf1 Bxd2 33. Qxd2 Qf6 34. Qd1 Qg5 35. Kh2 Qf6 36. Kg1 Qe5 37. Kh1 Bc6 38. Qd2 Bd7 39. Qd1 Qf6 40. Kg1 h6 41. Nd2 Qg5 42. Nf1 Qd8 43. Nd2 Qa5 44. Nf3 Nc6 45. Kh2 a3 46. b3 Qa7 47. Qd2 Na5 48. Qc2 Be8 49. Nd2 Qf7 50. Nf3 Qf6 51. e5 dxe5 52. Ne1 Bc6 53. Be4 Qf1 54. Ng2 Bxe4 55. dxe4 Nc6 56. Ne3 Qf3 57. Ng4 Nd4 58. Nxe5 Qf6 0-1

[Event "Abe Yanofsky mem."]
[Site "Winnipeg CAN"]
[Date "2008.08.31"]
[Round "5"]
[White "Greenberg, Harley"]
[Black "Melamedoff, Gustavo"]
[Result "0-1"]
[WhiteElo "1730"]
[BlackElo "2042"]
[PlyCount "86"]
[GameId "2160767910328400"]
[EventDate "2008.08.29"]
[EventType "swiss"]
[EventRounds "5"]
[EventCountry "CAN"]
[SourceTitle "EXT 2011"]
[Source "ChessBase"]
[SourceDate "2011.11.26"]
[SourceVersion "1"]
[SourceVersionDate "2011.11.26"]
[SourceQuality "1"]

1. d4 d5 2. c4 e6 3. Nc3 f5 4. g3 Nf6 5. Nf3 c6 6. Bg2 Be7 7. cxd5 exd5 8. O-O O-O 9. a3 Ne4 10. Nd2 Bd6 11. f3 Nxg3 12. hxg3 Bxg3 13. f4 Qh4 14. Nf3 Qh6 15. e3 Rf6 16. Ne2 Rg6 17. Nxg3 Rxg3 18. Qe1 Qh3 19. Qf2 Nd7 20. Bd2 Nf6 21. Ng5 Qg4 22. Be1 Nh5 23. Qd2 h6 24. Bxg3 Nxg3 25. Nf3 Nxf1 26. Rxf1 Be6 27. Qf2 Rf8 28. Ne5 Qh5 29. Bf3 Qe8 30. Qg3 c5 31. Kf2 cxd4 32. exd4 Qb5 33. b4 Rc8 34. Kg2 Rc2+ 35. Kh3 g5 36. Re1 Qe8 37. Be2 Rxe2 38. Rxe2 Qh5+ 39. Kg2 Qxe2+ 40. Kh3 g4+ 41. Kh4 Qf1 42. Kh5 Kh7 43. Ng6 Bf7 0-1

[Event "Abe Yanofsky mem."]
[Site "Winnipeg CAN"]
[Date "2008.08.31"]
[Round "5"]
[White "Kaptsan, Aron"]
[Black "Araullo, Paolo"]
[Result "1-0"]
[WhiteElo "2046"]
[BlackElo "1920"]
[PlyCount "139"]
[GameId "2160767910328401"]
[EventDate "2008.08.29"]
[EventType "swiss"]
[EventRounds "5"]
[EventCountry "CAN"]
[SourceTitle "EXT 2011"]
[Source "ChessBase"]
[SourceDate "2011.11.26"]
[SourceVersion "1"]
[SourceVersionDate "2011.11.26"]
[SourceQuality "1"]

1. e4 e6 2. d4 d5 3. Nd2 c5 4. exd5 exd5 5. Ngf3 Nf6 6. Bb5+ Bd7 7. Qe2+ Be7 8. dxc5 O-O 9. Nb3 Re8 10. Be3 a6 11. Bd3 Ba4 12. O-O Bxb3 13. axb3 Bxc5 14. Qd2 Bxe3 15. fxe3 Nc6 16. Nd4 Ng4 17. Nxc6 bxc6 18. Rf3 Qg5 19. Rg3 h5 20. Be2 Qh6 21. Bxg4 hxg4 22. Rxg4 Qxe3+ 23. Qf2 Re6 24. Rf4 Ra7 25. Rf3 Qxf2+ 26. Rxf2 c5 27. Rd2 d4 28. g3 Rae7 29. Kf2 Rf6+ 30. Kg2 Re5 31. Ra5 Rfe6 32. Kf2 g5 33. c3 dxc3 34. bxc3 g4 35. Rda2 Rh5 36. Kg2 Re3 37. Rc2 Re6 38. b4 Reh6 39. Kg1 cxb4 40. Rxh5 Rxh5 41. cxb4 Rb5 42. Rc4 f5 43. Kf2 Kf7 44. Ke3 a5 45. bxa5 Rxa5 46. Kf4 Ke6 47. Rc6+ Kf7 48. Kg5 Ke7 49. Rb6 Rd5 50. Ra6 Rb5 51. Kg6 Re5 52. Ra7+ Ke6 53. Rf7 Re2 54. Rf6+ Ke7 55. Rxf5 Rxh2 56. Kg5 Ke6 57. Rf1 Ke5 58. Re1+ Kd6 59. Kxg4 Rd2 60. Kg5 Rd5+ 61. Kh4 Rd2 62. g4 Rh2+ 63. Kg3 Rh7 64. g5 Re7 65. Rh1 Ke6 66. Kg4 Kf7 67. Rh7+ Kf8 68. Rxe7 Kxe7 69. Kh5 Kf8 70. Kh6 1-0